<?xml version="1.0" encoding="UTF-8"?>
<record
    xmlns:xsi="http://www.w3.org/2001/XMLSchema-instance"
    xsi:schemaLocation="http://www.loc.gov/MARC21/slim http://www.loc.gov/standards/marcxml/schema/MARC21slim.xsd"
    xmlns="http://www.loc.gov/MARC21/slim">

  <leader>00896nam a2200205 a 4500</leader>
  <controlfield tag="001">000033977</controlfield>
  <controlfield tag="005">20200930070654.0</controlfield>
  <controlfield tag="008">110919s1627    sp            000 0 spa d</controlfield>
  <datafield tag="040" ind1=" " ind2=" ">
    <subfield code="a">DO-SdBNP</subfield>
    <subfield code="b">spa</subfield>
    <subfield code="c">BNPHU</subfield>
  </datafield>
  <datafield tag="041" ind1="1" ind2="7">
    <subfield code="a">spa</subfield>
    <subfield code="h">lat</subfield>
  </datafield>
  <datafield tag="100" ind1="1" ind2=" ">
    <subfield code="a">Seneca, Lucius Annaeus,</subfield>
    <subfield code="d">ca. 4 B.C.-65 A.D.</subfield>
    <subfield code="9">59436</subfield>
  </datafield>
  <datafield tag="245" ind1="1" ind2="0">
    <subfield code="a">Siete libros /</subfield>
    <subfield code="c">de L. A. Seneca ; traducidos por P. Frz. Navarrete.</subfield>
  </datafield>
  <datafield tag="246" ind1="3" ind2="3">
    <subfield code="a">Siete libros de la sabidur&#xED;a</subfield>
  </datafield>
  <datafield tag="260" ind1=" " ind2=" ">
    <subfield code="a">Madrid :</subfield>
    <subfield code="b">Imprenta Real,</subfield>
    <subfield code="c">1627.</subfield>
  </datafield>
  <datafield tag="500" ind1=" " ind2=" ">
    <subfield code="a">Texto en castellano</subfield>
  </datafield>
  <datafield tag="505" ind1="0" ind2=" ">
    <subfield code="a">Contenido:</subfield>
    <subfield code="t">De la divina providencia. --</subfield>
    <subfield code="t">De la vida bienaventurada. --</subfield>
    <subfield code="t">De la tranquilidad del &#xE1;nimo. --</subfield>
    <subfield code="t">De la constancia del sabio, y que en &#xE9;l no puede caer injuria. --</subfield>
    <subfield code="t">De la brevedad de la vida. --</subfield>
    <subfield code="t">De consolaci&#xF3;n. --</subfield>
    <subfield code="t">De la pobreza.</subfield>
  </datafield>
  <datafield tag="650" ind1="2" ind2="4">
    <subfield code="a">Filosof&#xED;a estoica</subfield>
    <subfield code="9">59437</subfield>
  </datafield>
  <datafield tag="650" ind1="2" ind2="4">
    <subfield code="a">Estoicismo</subfield>
    <subfield code="9">38182</subfield>
  </datafield>
  <datafield tag="700" ind1="1" ind2=" ">
    <subfield code="a">Fern&#xE1;ndez Navarrete, Pedro,</subfield>
    <subfield code="e">trad.</subfield>
    <subfield code="9">59438</subfield>
  </datafield>
  <datafield tag="952" ind1=" " ind2=" ">
    <subfield code="0">0</subfield>
    <subfield code="1">0</subfield>
    <subfield code="5">0</subfield>
    <subfield code="7">1</subfield>
    <subfield code="8">MO</subfield>
    <subfield code="a">GR</subfield>
    <subfield code="b">GR</subfield>
    <subfield code="c">HD</subfield>
    <subfield code="d">2011-09-19</subfield>
    <subfield code="i">LF1</subfield>
    <subfield code="l">0</subfield>
    <subfield code="o"> </subfield>
    <subfield code="p">33977-10</subfield>
    <subfield code="r">2020-06-25</subfield>
    <subfield code="w">2020-06-25</subfield>
    <subfield code="y">1</subfield>
    <subfield code="Z">No se presta</subfield>
  </datafield>
  <datafield tag="999" ind1=" " ind2=" ">
    <subfield code="c">33468</subfield>
    <subfield code="d">33468</subfield>
  </datafield>
</record>
